Online
Catalog

Apuntes para la historia del Ejército Nacional. / (Record no. 52394)

MARC details
000 -CABECERA
campo de control de longitud fija 01308nam a2200265 a 4500
003 - IDENTIFICADOR DEL NÚMERO DE CONTROL
campo de control DO-SdBNP
005 - FECHA Y HORA DE LA ÚLTIMA TRANSACCIÓN
campo de control 20230203115903.0
007 - CAMPO FIJO DE DESCRIPCIÓN FÍSICA--INFORMACIÓN GENERAL
campo de control de longitud fija ta
008 - DATOS DE LONGITUD FIJA--INFORMACIÓN GENERAL
campo de control de longitud fija 220914e2003 dr a|||gr||||o001 0 spa d
040 ## - FUENTE DE LA CATALOGACIÓN
Centro catalogador/agencia de origen DO-SdBNP
Lengua de catalogación spa
Centro/agencia transcriptor BNPHU
082 #2 - NÚMERO DE LA CLASIFICACIÓN DECIMAL DEWEY
Número de edición 22
Número de documento/Ítem R426a
245 10 - MENCIÓN DE TÍTULO
Título Apuntes para la historia del Ejército Nacional. /
Mención de responsabilidad, etc. Editor Sócrates Suazo
260 ## - PUBLICACIÓN, DISTRIBUCIÓN, ETC.
Lugar de publicación, distribución, etc. Santo Domingo :
Nombre del editor, distribuidor, etc. Jefatura del Estado Mayor del Ejército Nacional,
Fecha de publicación, distribución, etc. 2003.
300 ## - DESCRIPCIÓN FÍSICA
Extensión 16 p. :
Otras características físicas il. ;
Dimensiones 24 cm.
500 ## - NOTA GENERAL
Nota general Portada: Mural del maestro Ramón Oviedo.
500 ## - NOTA GENERAL
Nota general 10 de marzo 1844, día del Ejército Nacional.
505 0# - NOTA DE CONTENIDO CON FORMATO
Nota de contenido con formato 10 de marzo: día del Ejército Nacional
Título I. ¿Qué es un ejército?..
-- II. Antecedentes del Ejército Nacional.--
-- III. Independencia Efímera.--
-- IV. Ocupación haitiana.--
-- V. Proclamación de la Independencia Nacional.--
-- VI. La formación del Ejército como cuerpo institucional.
-- VII. Guerra de Independencia: Las cuatro campaña militares.
590 ## - NOTA LOCAL (RLIN)
Nota local Inventariado 2022 / MF
650 #4 - PUNTO DE ACCESO ADICIONAL DE MATERIA--TÉRMINO DE MATERIA
9 (RLIN) 45892
Término de materia o nombre geográfico como elemento de entrada Ejércitos
Subdivisión general Historia
Subdivisión geográfica República Dominicana
651 #4 - PUNTO DE ACCESO ADICIONAL DE MATERIA--NOMBRE GEOGRÁFICO
9 (RLIN) 34468
Nombre geográfico República Dominicana
Subdivisión general Ejército Nacional
-- Historia
700 1# - PUNTO DE ACCESO ADICIONAL--NOMBRE DE PERSONA
9 (RLIN) 10239
Nombre de persona Suazo, Sócrates,
Término indicativo de función/relación ed.
710 2# - PUNTO DE ACCESO ADICIONAL--NOMBRE DE ENTIDAD CORPORATIVA
9 (RLIN) 54540
Nombre de entidad corporativa o nombre de jurisdicción como elemento de entrada República Dominicana.
Unidad subordinada Secretaría de Estado de las Fuerzas Armadas.
910 ## - DATOS DE OPCIÓN DEL USUARIO (OCLC)
Datos de opción del usuario MFeliz
942 ## - ELEMENTOS DE PUNTO DE ACCESO ADICIONAL (KOHA)
Fuente del sistema de clasificación o colocación Dewey Decimal Classification
Tipo de ítem Koha Folleto
Holdings
Estado de retiro Estado de pérdida Fuente del sistema de clasificación o colocación Restricciones de uso No para préstamo Código de colección Localización permanente Ubicación/localización actual Ubicación en estantería Fecha de adquisición Fuente de adquisición Signatura topográfica completa Código de barras Fecha visto por última vez Precio válido a partir de Tipo de ítem Koha Número de copia
    Dewey Decimal Classification Excluido de préstamo   Patrimonio Dominicano Biblioteca Nacional Pedro Henríquez Ureña Biblioteca Nacional Pedro Henríquez Ureña En catalogación 14.07.2018 Donación BNPHU PD A655h 2022-3939 14.09.2022 14.09.2022 Folleto  
    Dewey Decimal Classification Excluido de préstamo   Patrimonio Dominicano Biblioteca Nacional Pedro Henríquez Ureña Biblioteca Nacional Pedro Henríquez Ureña En catalogación 03.02.2023 Donación BNPHU PD R426a 2023-0639 03.02.2023 03.02.2023 Folleto e.2

Powered by Koha